000 00383nam a2200133Ia 4500
008 100328s9999 xx 000 0 und d
082 _b34983
100 _aजोशी शशिकांत
245 _aछाया पडछाया
260 _bमुक्ता
630 _aछाया पडछाया
730 _aछाया पडछाया
942 _cBOOK
999 _c524995
_d524992